| 000 | 01090nam a2200289 i 4500 | ||
|---|---|---|---|
| 001 | bg | ||
| 245 | 0 | 0 |
_aProceedings of the fourth international conference on Intermolecular interactions in matter / _ced. by K[eshra] Sangwal, J[an] M[arian] Olchowik, E[dward] Śpiewla ; Technical University of Gdańsk, Technical University of Lublin. |
| 246 | 1 | 4 | _aIntermolecular interactions in matter 1997 |
| 260 |
_aLublin : _bPolitechnika Lubelska, _c1997. |
||
| 300 |
_a[10], 169 s. : _bfot., rys., wykr. ; _c24 cm. |
||
| 500 | _aTyt. okł. : Intermolecular interactions in matter 1997. | ||
| 504 | _aBibliogr. przy ref. | ||
| 650 | 9 |
_aCząsteczka _xchemia |
|
| 650 | 9 | _aFizyka molekularna | |
| 650 | 9 |
_aPrzemiany fazowe _xbadanie |
|
| 655 | _aMateriały konferencyjne | ||
| 700 | 1 |
_aSANGWAL, Keshra. _eRed. |
|
| 700 | 1 |
_aOLCHOWIK, Jan Marian. _eRed. |
|
| 700 | 1 |
_aEDWARD, Śpiewla. _eRed. |
|
| 020 | _a8387270660 | ||
| 040 | _cBPK | ||
| 041 | 0 |
_aen _ben |
|
| 080 | _a539.2:539.19:544](061.3) | ||
| 920 | _a83-87270-66-0 | ||
| 942 | _cKS | ||
| 008 | s pl f |000 0 pol | ||
| 999 |
_c32646 _d32646 |
||
| 856 |
_uhttp://koha.tu.koszalin.pl/cgi-bin/koha/opac-detail.pl?biblionumber=32646 _yKatalog online BPK |
||